| 000 | 00641nam a22001817a 4500 | ||
|---|---|---|---|
| 005 | 20260509123408.0 | ||
| 008 | 260509b |||||||| |||| 00| 0 eng d | ||
| 020 | _a9789364405393 | ||
| 040 |
_aSGVU Library _cSGVU Library |
||
| 082 |
_222 _a631. _bROR A |
||
| 100 |
_aRout Rajendra Kumar and Gantayat Balabhadra Prasad _940301 |
||
| 245 |
_aA Textbook On Farming Based Livelihood Systems _hEnglish |
||
| 260 |
_aNew Delhi , India _bKalyani Publishers _c2026 |
||
| 300 |
_a10.18p _bPB |
||
| 650 |
_aAgriculture _yG4761 _940302 |
||
| 700 |
_aRout Manoj Kumar and Majhi Tejaswini , Sethi Binodini _940303 |
||
| 942 |
_2ddc _cBOOKS _k631. ROR A |
||
| 999 |
_c90278 _d90278 |
||